[Event "ROM-ch (Women)"]
[Site "Sebes"]
[Date "2023.02.21"]
[Round "3"]
[White "Badica, Ariana"]
[Black "Stefan, Iulia Cristiana"]
[Result "1-0"]
[WhiteElo "1444"]
[BlackElo "1802"]
[PlyCount "56"]
[EventDate "2023.02.19"]
[EventType "swiss"]
[EventRounds "9"]
[EventCountry "ROU"]
[SourceTitle "CBM 212 Extra"]
[Source "ChessBase"]
[SourceDate "2023.03.31"]
[SourceVersion "1"]
[SourceVersionDate "2023.03.31"]
[SourceQuality "1"]

1. e4 d6 2. d4 Nf6 3. Nc3 g6 4. Bg5 Bg7 5. f3 c6 6. Qd2 b5 7. Bd3 Nbd7 8. h4 h5 9. 0-0-0 Qa5 10. Kb1 b4 11. Nce2 Rb8 12. Nh3 c5 13. dxc5 Nxc5 14. Nd4 Na4 15. Nc6 Nc3+ 16. Qxc3 Qa4 17. Qc4 Be6 18. b3 Qa3 19. Bc1 Bxc4 20. Bxa3 Rb6 21. Bxc4 bxa3 22. Nxa7 0-0 23. Nb5 Ra8 24. Ng5 Kf8 25. Nd4 Ra7 26. Bxf7 d5 27. Nde6+ Rxe6 28. Bxe6 Ke8 1-0

[Event "ROM-ch (Women)"]
[Site "Sebes"]
[Date "2023.02.21"]
[Round "4"]
[White "Peptan, Corina Isabela"]
[Black "Badica, Ariana"]
[Result "1-0"]
[WhiteElo "2351"]
[BlackElo "1444"]
[PlyCount "95"]
[EventDate "2023.02.19"]
[EventType "swiss"]
[EventRounds "9"]
[EventCountry "ROU"]
[SourceTitle "CBM 212 Extra"]
[Source "ChessBase"]
[SourceDate "2023.03.31"]
[SourceVersion "1"]
[SourceVersionDate "2023.03.31"]
[SourceQuality "1"]

1. d4 d5 2. Nf3 Nf6 3. c4 dxc4 4. e3 c5 5. Bxc4 e6 6. 0-0 a6 7. b3 cxd4 8. Nxd4 Bd6 9. Bb2 0-0 10. Nd2 b5 11. Be2 Bb7 12. Bf3 Nd5 13. a4 b4 14. Bxd5 Bxd5 15. e4 Bb7 16. Qg4 Qf6 17. Nc4 Qf4 18. Qh3 Bc5 19. Rae1 Bxd4 20. Bxd4 Nd7 21. f3 Rac8 22. Rd1 Nf6 23. Be5 Qg5 24. Bd6 Rfd8 25. Bxb4 Nh5 26. Be7 Qxe7 27. Qxh5 Rxd1 28. Rxd1 Rd8 29. Rxd8+ Qxd8 30. Qe5 h6 31. Qd6 Qxd6 32. Nxd6 Ba8 33. b4 Kf8 34. b5 Ke7 35. e5 axb5 36. axb5 Bd5 37. Kf2 f6 38. b6 Kd7 39. b7 Kc7 40. exf6 gxf6 41. Ne8+ Kxb7 42. Nxf6 Kc6 43. Nxd5 Kxd5 44. Ke3 e5 45. g4 Ke6 46. Ke4 Kf6 47. Kd5 Kg5 48. Kxe5 1-0

[Event "Hannibal Online op U10"]
[Site "Chess.com INT"]
[Date "2020.06.06"]
[Round "6"]
[White "Berestean, Vlaicu"]
[Black "Badica, Ariana"]
[Result "1-0"]
[WhiteElo "1400"]
[BlackElo "1183"]
[PlyCount "97"]
[EventDate "2020.06.01"]
[EventType "swiss"]
[EventRounds "9"]
[EventCountry "MDA"]
[SourceTitle "CBM 196 Extra"]
[Source "ChessBase"]
[SourceDate "2020.07.31"]
[SourceVersion "1"]
[SourceVersionDate "2020.07.31"]
[SourceQuality "1"]

1. e4 e5 2. Nf3 Nc6 3. Nc3 Nf6 4. Bb5 d6 5. d4 exd4 6. Nxd4 Bd7 7. Nxc6 Bxc6 8. Bxc6+ bxc6 9. 0-0 Be7 10. Re1 0-0 11. Bg5 d5 12. exd5 cxd5 13. Qf3 c6 14. Re2 Re8 15. Rae1 Qd7 16. Nd1 h6 17. Bh4 Rab8 18. Ne3 Rxb2 19. Nf5 Bf8 20. Bxf6 gxf6 21. h3 Rxe2 22. Rxe2 Qc7 23. g3 Rxa2 24. Qg4+ Kh7 25. Re8 Ra4 26. Qxa4 Qd7 27. Rxf8 Qxf5 28. Qg4 Qxg4 29. hxg4 Kg7 30. Ra8 c5 31. Rxa7 d4 32. Rc7 f5 33. gxf5 Kf6 34. Rxc5 h5 35. Rd5 Kg5 36. Rxd4 Kxf5 37. c4 Ke5 38. Rd1 f5 39. c5 f4 40. c6 fxg3 41. fxg3 Ke4 42. c7 Kf3 43. c8Q Kxg3 44. Rd3+ Kh4 45. Qc4+ Kg5 46. Rd5+ Kf6 47. Qc6+ Kf7 48. Rd7+ Ke8 49. Qc8# 1-0

[Event "EU-ch U08 Girls"]
[Site "Bratislava"]
[Date "2019.08.06"]
[Round "5"]
[White "Ryabukhina, Veronika"]
[Black "Badica, Ariana"]
[Result "1-0"]
[WhiteElo "1168"]
[BlackElo "1082"]
[PlyCount "71"]
[EventDate "2019.08.02"]
[EventType "swiss"]
[EventRounds "9"]
[EventCountry "SVK"]
[SourceTitle "EXT 2020"]
[Source "ChessBase"]
[SourceDate "2019.10.17"]
[SourceVersion "1"]
[SourceVersionDate "2019.10.17"]
[SourceQuality "1"]

1. d4 Nf6 2. c4 e5 3. Nf3 exd4 4. Nxd4 Bc5 5. Nb3 Bb4+ 6. Bd2 Bxd2+ 7. Qxd2 0-0 8. g3 d5 9. c5 Ne4 10. Qf4 Nc6 11. Bg2 f5 12. 0-0 Rf6 13. f3 g5 14. Qc1 Rh6 15. fxe4 dxe4 16. Rd1 Qf6 17. Nc3 b6 18. Nd5 Qg7 19. cxb6 cxb6 20. Qd2 Bb7 21. Rac1 Rd8 22. Qe3 Ne5 23. Nb4 Rxd1+ 24. Rxd1 Qg6 25. Qc3 Nf7 26. Qc7 Bc6 27. Rc1 Bb5 28. Nd4 Be8 29. Nd5 Kg7 30. Ne7 Qf6 31. Ndxf5+ Kf8 32. Nxh6 Qxh6 33. Rf1 Qe6 34. Nf5 Qd5 35. Qe7+ Kg8 36. Qxe8# 1-0